00372 2200157 4500001002100000005001500021035002000036245002600056100001300082300001500095260004800110082000800158084001400166020002200180990001200202INLIS00000000000188620250519075610 a0010-05250001781 aAirgear 7 /cOh!Great0 aOh!Great c12 x 18 cm aJakarta :bPT. Elex Media Komputindo,c2008 a700 a700 OH! a a978-979-27-0807-3 a0754831